[Event "Rio de Janeiro Brazil op"]
[Site "Rio de Janeiro"]
[Date "2010.02.19"]
[Round "1"]
[White "Barbosa, Evandro Amorim"]
[Black "Cardoso, Cicero Assuncao Jr"]
[Result "1-0"]
[WhiteElo "2379"]
[BlackElo "1872"]
[PlyCount "47"]
[EventDate "2010.02.19"]
[EventType "swiss"]
[EventRounds "6"]
[EventCountry "BRA"]
[SourceTitle "CBM 134 Extra"]
[Source "ChessBase"]
[SourceDate "2010.03.03"]
[SourceVersion "1"]
[SourceVersionDate "2010.03.03"]
[SourceQuality "1"]

1. e4 c5 2. Nf3 a6 3. c3 e6 4. d4 cxd4 5. cxd4 Bb4+ 6. Nbd2 b5 7. Bd3 Bb7 8.
O-O Ne7 9. a3 Ba5 10. e5 d6 11. Ne4 dxe5 12. dxe5 O-O 13. Nd6 Bxf3 14. Qxf3
Nbc6 15. Qe4 g6 16. Bh6 Bc7 17. Bxf8 Qxf8 18. Rac1 Qb8 19. Rxc6 Bxd6 20. Rxd6
Qa7 21. Qd4 Qxd4 22. Rxd4 Nc6 23. Be4 Nxd4 24. Bxa8 1-0

[Event "Rio de Janeiro Brazil op"]
[Site "Rio de Janeiro"]
[Date "2010.02.20"]
[Round "3"]
[White "Barbosa, Evandro Amorim"]
[Black "Proudian, Armen"]
[Result "1-0"]
[WhiteElo "2379"]
[BlackElo "2025"]
[PlyCount "55"]
[EventDate "2010.02.19"]
[EventType "swiss"]
[EventRounds "6"]
[EventCountry "BRA"]
[SourceTitle "CBM 134 Extra"]
[Source "ChessBase"]
[SourceDate "2010.03.03"]
[SourceVersion "1"]
[SourceVersionDate "2010.03.03"]
[SourceQuality "1"]

1. c4 Nf6 2. Nc3 d6 3. g3 g6 4. Bg2 Bg7 5. d3 c6 6. e4 e5 7. Nge2 O-O 8. O-O
Ne8 9. Be3 f5 10. Qd2 Nc7 11. Rad1 Ne6 12. d4 fxe4 13. Bxe4 Nd7 14. d5 cxd5 15.
Bxd5 Re8 16. Bg2 Nb6 17. b3 Bf8 18. Ne4 Qc7 19. Nf6+ Kf7 20. Nxe8 Kxe8 21. f4
Bd7 22. Nc3 Rd8 23. Ne4 Bc6 24. Nf6+ Ke7 25. Nd5+ Bxd5 26. cxd5 exf4 27. dxe6
fxe3 28. Qxe3 1-0

[Event "Rio de Janeiro Brazil op"]
[Site "Rio de Janeiro"]
[Date "2010.02.21"]
[Round "4"]
[White "Mascarenhas, Alberto Pinheiro"]
[Black "Barbosa, Evandro Amorim"]
[Result "1/2-1/2"]
[WhiteElo "2238"]
[BlackElo "2379"]
[PlyCount "48"]
[EventDate "2010.02.19"]
[EventType "swiss"]
[EventRounds "6"]
[EventCountry "BRA"]
[SourceTitle "CBM 134 Extra"]
[Source "ChessBase"]
[SourceDate "2010.03.03"]
[SourceVersion "1"]
[SourceVersionDate "2010.03.03"]
[SourceQuality "1"]

1. d4 Nf6 2. Nf3 g6 3. g3 Bg7 4. Bg2 O-O 5. c4 c5 6. O-O Nc6 7. Nc3 cxd4 8.
Nxd4 Ng4 9. Nxc6 bxc6 10. Qc2 Rb8 11. h3 Ne5 12. Bf4 d6 13. b3 Bf5 14. Qd2 Qc8
15. g4 Be6 16. Bh6 Bxh6 17. Qxh6 f5 18. gxf5 Rxf5 19. Qe3 Rh5 20. f4 Nf7 21.
Rf3 Nh6 22. Qd3 Nf5 23. e4 Nh4 24. Rg3 Qf8 1/2-1/2

[Event "Rio de Janeiro Brazil op"]
[Site "Rio de Janeiro"]
[Date "2010.02.21"]
[Round "5"]
[White "Barbosa, Evandro Amorim"]
[Black "Rego, Vinicius Vilela"]
[Result "0-1"]
[WhiteElo "2379"]
[BlackElo "2249"]
[PlyCount "120"]
[EventDate "2010.02.19"]
[EventType "swiss"]
[EventRounds "6"]
[EventCountry "BRA"]
[SourceTitle "CBM 134 Extra"]
[Source "ChessBase"]
[SourceDate "2010.03.03"]
[SourceVersion "1"]
[SourceVersionDate "2010.03.03"]
[SourceQuality "1"]

1. e4 c5 2. Nf3 d6 3. d4 cxd4 4. Nxd4 Nf6 5. Nc3 g6 6. Be3 Bg7 7. f3 O-O 8. Qd2
Nc6 9. Bc4 Bd7 10. O-O-O Ne5 11. Bb3 Qa5 12. Kb1 Rfc8 13. h4 b5 14. Ncxb5 Qxd2
15. Bxd2 Rab8 16. Nc3 a5 17. a4 Nc4 18. Bxc4 Rxc4 19. Nb3 Rcb4 20. Rhe1 Bxa4
21. Nxa4 Rxa4 22. Bc3 Nd7 23. Bxg7 Kxg7 24. Rd5 Ra8 25. Rb5 Ne5 26. c3 Rc4 27.
Nxa5 Ra4 28. Nb3 Kf6 29. Kc2 Nc4 30. Nd2 Ne5 31. Rb6 R8a7 32. Rb5 h5 33. Rb1
Ra2 34. Rb4 Nc6 35. Rb6 Ne5 36. Kb3 Nd7 37. Rb4 Nc5+ 38. Kc2 Rc7 39. Nf1 e6 40.
Ne3 Ke7 41. Rb8 Na6 42. Rb6 Nc5 43. Rb4 f5 44. exf5 gxf5 45. Nd1 Na6 46. Rb6
Ra4 47. Nf2 Nc5 48. g3 Nd7 49. Rb5 Ne5 50. f4 Nc6 51. Kb3 Ra8 52. Re1 Kf6 53.
Nh3 e5 54. Ng5 Na5+ 55. Kc2 Nc4 56. Rb4 e4 57. b3 Ra2+ 58. Kd1 Nb2+ 59. Kc2
Nd3+ 60. Kb1 Rca7 0-1

[Event "Rio de Janeiro Brazil op"]
[Site "Rio de Janeiro"]
[Date "2010.02.22"]
[Round "6"]
[White "Teixeira, Paulo Gustavo GA"]
[Black "Barbosa, Evandro Amorim"]
[Result "0-1"]
[WhiteElo "2037"]
[BlackElo "2379"]
[PlyCount "49"]
[EventDate "2010.02.19"]
[EventType "swiss"]
[EventRounds "6"]
[EventCountry "BRA"]
[SourceTitle "CBM 134 Extra"]
[Source "ChessBase"]
[SourceDate "2010.03.03"]
[SourceVersion "1"]
[SourceVersionDate "2010.03.03"]
[SourceQuality "1"]

1. e4 e5 2. Nf3 Nc6 3. Bc4 Bc5 4. c3 Nf6 5. d4 exd4 6. cxd4 Bb4+ 7. Nc3 Nxe4 8.
O-O Bxc3 9. bxc3 d5 10. Re1 O-O 11. Bd3 Bf5 12. Qc2 Re8 13. Bf4 Qd7 14. Ne5
Nxe5 15. Bxe5 Bg6 16. Re3 c5 17. f3 cxd4 18. Bxd4 Nd6 19. Bxg6 hxg6 20. Rd1 Qc6
21. f4 Re4 22. Qf2 Qc7 23. Rf1 Qe7 24. Rh3 Re2 25. Qg3 0-1

[Event "Sao Jose dos Pinhais op"]
[Site "Sao Jose dos Pinhais"]
[Date "2010.04.01"]
[Round "1"]
[White "Santana, Expedito"]
[Black "Barbosa, Evandro Amorim"]
[Result "0-1"]
[WhiteElo "1747"]
[BlackElo "2365"]
[PlyCount "58"]
[EventDate "2010.04.01"]
[EventType "swiss"]
[EventRounds "7"]
[EventCountry "BRA"]
[SourceTitle "EXT 2011"]
[Source "ChessBase"]
[SourceDate "2010.11.26"]
[SourceVersion "1"]
[SourceVersionDate "2010.11.26"]
[SourceQuality "1"]

1. d4 d5 2. Nf3 e6 3. Bg5 Nf6 4. c3 c5 5. e3 Be7 6. Be2 Nbd7 7. Nbd2 b6 8. Qc2
Bb7 9. b3 Rc8 10. Rc1 O-O 11. O-O cxd4 12. exd4 Ne4 13. Nxe4 dxe4 14. Bxe7 Qxe7
15. Nd2 e5 16. dxe5 Qxe5 17. Rfe1 Nf6 18. h3 e3 19. Nf3 exf2+ 20. Kxf2 Ne4+ 21.
Kg1 Qg3 22. c4 Ng5 23. Qf5 Ne4 24. Qe5 Rfe8 25. Qb2 Ng5 26. Kh1 Nxh3 27. gxh3
Qxh3+ 28. Kg1 Qg3+ 29. Kh1 Rc5 0-1

[Event "Sao Jose dos Pinhais op"]
[Site "Sao Jose dos Pinhais"]
[Date "2010.04.02"]
[Round "2"]
[White "Barbosa, Evandro Amorim"]
[Black "Umetsubo, Cesar Hidemitsu"]
[Result "1-0"]
[WhiteElo "2365"]
[BlackElo "2094"]
[PlyCount "77"]
[EventDate "2010.04.01"]
[EventType "swiss"]
[EventRounds "7"]
[EventCountry "BRA"]
[SourceTitle "EXT 2011"]
[Source "ChessBase"]
[SourceDate "2010.11.26"]
[SourceVersion "1"]
[SourceVersionDate "2010.11.26"]
[SourceQuality "1"]

1. e4 c5 2. Nf3 d6 3. d4 cxd4 4. Nxd4 Nf6 5. Nc3 e6 6. Be3 Be7 7. f3 a6 8. Qd2
Nbd7 9. O-O-O Qc7 10. g4 O-O 11. g5 Ne8 12. h4 b5 13. h5 b4 14. Nce2 Bb7 15. g6
Nc5 16. Kb1 Rc8 17. Bh3 Bf6 18. Rhg1 d5 19. gxf7+ Qxf7 20. Nxe6 Nxe6 21. exd5
Nd8 22. Bxc8 Bxc8 23. Bc5 a5 24. Ng3 Nb7 25. Bxf8 Qxf8 26. Ne4 Be5 27. h6 g6
28. d6 Nexd6 29. Qd5+ Nf7 30. f4 Bxf4 31. Nf6+ Kh8 32. Rdf1 g5 33. Rxf4 gxf4
34. Rg7 Qxg7 35. hxg7+ Kxg7 36. Nh5+ Kf8 37. Nxf4 Nfd6 38. Qe5 Nf5 39. Qh8+ 1-0

[Event "Sao Jose dos Pinhais op"]
[Site "Sao Jose dos Pinhais"]
[Date "2010.04.02"]
[Round "3"]
[White "Pomar, Marcelo Nascimento"]
[Black "Barbosa, Evandro Amorim"]
[Result "0-1"]
[WhiteElo "2164"]
[BlackElo "2365"]
[PlyCount "66"]
[EventDate "2010.04.01"]
[EventType "swiss"]
[EventRounds "7"]
[EventCountry "BRA"]
[SourceTitle "EXT 2011"]
[Source "ChessBase"]
[SourceDate "2010.11.26"]
[SourceVersion "1"]
[SourceVersionDate "2010.11.26"]
[SourceQuality "1"]

1. e4 c5 2. c3 Nf6 3. e5 Nd5 4. d4 cxd4 5. Nf3 e6 6. cxd4 d6 7. Bc4 Nc6 8. O-O
Be7 9. Bxd5 exd5 10. Nc3 dxe5 11. Nxe5 O-O 12. Bf4 Be6 13. Rc1 Rc8 14. Nxc6
Rxc6 15. Qf3 Qd7 16. Rfe1 Rfc8 17. h3 b5 18. a3 Rc4 19. Rcd1 Bxa3 20. Nxb5 Bb4
21. Na3 Bxe1 22. Nxc4 Bxf2+ 23. Qxf2 Rxc4 24. Qg3 Bf5 25. Be5 Bg6 26. Rd2 Qa4
27. Kh2 Rc1 28. Qe3 Qa1 29. Bd6 Be4 30. Rf2 f6 31. Bc5 Rh1+ 32. Kg3 h6 33. Qf4
Qg1 0-1

[Event "Sao Jose dos Pinhais op"]
[Site "Sao Jose dos Pinhais"]
[Date "2010.04.03"]
[Round "4"]
[White "Barbosa, Evandro Amorim"]
[Black "Dias, Anderson Tatsch"]
[Result "1-0"]
[WhiteElo "2365"]
[BlackElo "2204"]
[PlyCount "69"]
[EventDate "2010.04.01"]
[EventType "swiss"]
[EventRounds "7"]
[EventCountry "BRA"]
[SourceTitle "EXT 2011"]
[Source "ChessBase"]
[SourceDate "2010.11.26"]
[SourceVersion "1"]
[SourceVersionDate "2010.11.26"]
[SourceQuality "1"]

1. e4 c5 2. Nf3 e6 3. d4 cxd4 4. Nxd4 Qb6 5. Nb3 Qc7 6. Bd3 Nf6 7. Nc3 a6 8.
O-O d6 9. f4 Be7 10. Qe2 Nbd7 11. Bd2 O-O 12. Rae1 g6 13. e5 Ne8 14. Kh1 b5 15.
Nd4 Bb7 16. exd6 Nxd6 17. f5 e5 18. Nf3 Rfe8 19. fxg6 hxg6 20. Qf2 Bf6 21. Ng5
Kg7 22. Qg3 Nc5 23. Nh7 Kxh7 24. Rxf6 Nxd3 25. cxd3 Nf5 26. Qh3+ Kg7 27. Rxf5
gxf5 28. Qh6+ Kg8 29. Qg5+ Kf8 30. Rc1 Re6 31. Qxf5 Rc8 32. Rf1 Ke8 33. Bg5 Qd7
34. Qh7 Qd6 35. Qxf7# 1-0

[Event "Sao Jose dos Pinhais op"]
[Site "Sao Jose dos Pinhais"]
[Date "2010.04.03"]
[Round "5"]
[White "Brito, Luismar Jorge"]
[Black "Barbosa, Evandro Amorim"]
[Result "1/2-1/2"]
[WhiteElo "2328"]
[BlackElo "2365"]
[PlyCount "82"]
[EventDate "2010.04.01"]
[EventType "swiss"]
[EventRounds "7"]
[EventCountry "BRA"]
[SourceTitle "EXT 2011"]
[Source "ChessBase"]
[SourceDate "2010.11.26"]
[SourceVersion "1"]
[SourceVersionDate "2010.11.26"]
[SourceQuality "1"]

1. b3 e5 2. Bb2 Nc6 3. e3 Nf6 4. c4 d5 5. cxd5 Nxd5 6. a3 Bd6 7. Nc3 Nxc3 8.
Bxc3 O-O 9. Qb1 Qe7 10. b4 a5 11. b5 Nd4 12. Bd3 h6 13. Nf3 Nxf3+ 14. gxf3 Bxa3
15. Rg1 Bd6 16. Rxa5 Rxa5 17. Bxa5 Bd7 18. Bc4 Be6 19. Bxe6 Qxe6 20. Bc3 Re8
21. Ke2 Bf8 22. Qe4 b6 23. Ra1 f5 24. Qa4 Kh7 25. Qa2 Qg6 26. Qd5 e4 27. fxe4
fxe4 28. h3 Be7 29. Ra4 Bh4 30. Rc4 Re7 31. Rc6 Qf7 32. Qxf7 Rxf7 33. Be5 Rxf2+
34. Kd1 Rf1+ 35. Kc2 Rf5 36. Bxc7 Rxb5 37. Bxb6 Bf6 38. Re6 Kg6 39. Bd4 Kf5 40.
Rb6 Rd5 41. Bxf6 gxf6 1/2-1/2

[Event "Sao Jose dos Pinhais op"]
[Site "Sao Jose dos Pinhais"]
[Date "2010.04.04"]
[Round "6"]
[White "Barbosa, Evandro Amorim"]
[Black "Matsuura, Everaldo"]
[Result "1/2-1/2"]
[WhiteElo "2365"]
[BlackElo "2479"]
[PlyCount "115"]
[EventDate "2010.04.01"]
[EventType "swiss"]
[EventRounds "7"]
[EventCountry "BRA"]
[SourceTitle "EXT 2011"]
[Source "ChessBase"]
[SourceDate "2010.11.26"]
[SourceVersion "1"]
[SourceVersionDate "2010.11.26"]
[SourceQuality "1"]

1. e4 e5 2. Nf3 Nc6 3. Bb5 a6 4. Ba4 Nf6 5. O-O Be7 6. Re1 b5 7. Bb3 d6 8. c3
O-O 9. h3 Na5 10. Bc2 c5 11. d4 cxd4 12. cxd4 Qc7 13. Nbd2 Bb7 14. d5 Rac8 15.
Bd3 Nd7 16. Nf1 f5 17. Ng3 f4 18. Nf5 Rxf5 19. exf5 Nf6 20. Ng5 Bxd5 21. Be4
Bxe4 22. Nxe4 Qc6 23. Nxf6+ Bxf6 24. Bd2 Nc4 25. b3 d5 26. bxc4 bxc4 27. Rb1 d4
28. Qf3 c3 29. Qxc6 Rxc6 30. Rb8+ Kf7 31. Rb7+ Kf8 32. Bc1 g6 33. fxg6 hxg6 34.
f3 Rc4 35. Re4 Ra4 36. a3 Be7 37. Rb3 Kf7 38. Kf1 Ke6 39. Ke2 Bc5 40. Kd3 Kd5
41. Re1 Bd6 42. Re2 Kc6 43. Ra2 g5 44. Re2 Ra5 45. Re1 Ra4 46. Rh1 Be7 47. Rg1
Bd6 48. Rb1 Ra5 49. Ra1 Rb5 50. Re1 Kd5 51. Re2 a5 52. a4 Rb3 53. Rc2 Rb8 54.
Rca2 Re8 55. Rb1 Bb4 56. Re2 Rc8 57. Rb3 Rc5 58. Rb1 1/2-1/2

[Event "Sao Jose dos Pinhais op"]
[Site "Sao Jose dos Pinhais"]
[Date "2010.04.04"]
[Round "7"]
[White "Barbosa, Evandro Amorim"]
[Black "Souza, Adwilhans Luciano"]
[Result "1-0"]
[WhiteElo "2365"]
[BlackElo "2324"]
[PlyCount "79"]
[EventDate "2010.04.01"]
[EventType "swiss"]
[EventRounds "7"]
[EventCountry "BRA"]
[SourceTitle "EXT 2011"]
[Source "ChessBase"]
[SourceDate "2010.11.26"]
[SourceVersion "1"]
[SourceVersionDate "2010.11.26"]
[SourceQuality "1"]

1. e4 e5 2. Nf3 Nc6 3. Bb5 f5 4. d3 fxe4 5. dxe4 Nf6 6. O-O Bc5 7. Bxc6 bxc6 8.
Nxe5 O-O 9. Bg5 Qe8 10. Bxf6 Rxf6 11. Nd3 Bd4 12. c3 Bb6 13. Nd2 d6 14. c4 Bd4
15. Nb3 c5 16. Nxd4 cxd4 17. Re1 Qg6 18. Kh1 Bb7 19. f3 Raf8 20. c5 Kh8 21. Rc1
Qh5 22. cxd6 Rh6 23. h3 Bc8 24. Nf2 Rxd6 25. Rxc7 Qa5 26. Qc1 Ba6 27. Rd1 Be2
28. Rd2 d3 29. Qc3 Qg5 30. Ng4 h5 31. Qe5 Qg6 32. Ne3 Rdf6 33. Rc5 Kg8 34. Qd5+
R6f7 35. Qg5 Qd6 36. Nf5 Qxc5 37. Nh6+ Kh7 38. Qxc5 Kxh6 39. e5 Re8 40. Qc6+
1-0

[Event "BRA-ch U18"]
[Site "Catanduva"]
[Date "2010.06.03"]
[Round "1"]
[White "Sergio, Claudio Santos"]
[Black "Barbosa, Evandro Amorim"]
[Result "0-1"]
[WhiteElo "1869"]
[BlackElo "2382"]
[PlyCount "66"]
[EventDate "2010.06.03"]
[EventType "swiss"]
[EventRounds "7"]
[EventCountry "BRA"]
[SourceTitle "EXT 2011"]
[Source "ChessBase"]
[SourceDate "2010.11.26"]
[SourceVersion "1"]
[SourceVersionDate "2010.11.26"]
[SourceQuality "1"]

1. e4 c5 2. d3 Nc6 3. Nf3 g6 4. g3 Bg7 5. Bg2 d6 6. O-O e5 7. c3 Nge7 8. Na3
O-O 9. Nd2 Be6 10. f4 exf4 11. gxf4 d5 12. Qe2 Qd7 13. Nf3 Rad8 14. Ng5 Bg4 15.
Bf3 Bxf3 16. Rxf3 Rfe8 17. Qf2 h6 18. Nh3 dxe4 19. dxe4 Qe6 20. Qc2 Nc8 21. Nf2
Nd6 22. e5 Nf5 23. Ne4 Nh4 24. Rg3 Nxe5 25. fxe5 Qxe5 26. Re3 Qf4 27. Qe2 Kh7
28. Ng3 Qa4 29. Qc2 Qc6 30. Qf2 Rd1+ 31. Nf1 Rxe3 32. Bxe3 Nf3+ 33. Kg2 Ng5+
0-1

[Event "BRA-ch U18"]
[Site "Catanduva"]
[Date "2010.06.05"]
[Round "5"]
[White "Rodrigues, Bruno Morado"]
[Black "Barbosa, Evandro Amorim"]
[Result "0-1"]
[WhiteElo "2076"]
[BlackElo "2382"]
[PlyCount "76"]
[EventDate "2010.06.03"]
[EventType "swiss"]
[EventRounds "7"]
[EventCountry "BRA"]
[SourceTitle "EXT 2011"]
[Source "ChessBase"]
[SourceDate "2010.11.26"]
[SourceVersion "1"]
[SourceVersionDate "2010.11.26"]
[SourceQuality "1"]

1. e4 c5 2. c3 Nf6 3. e5 Nd5 4. d4 cxd4 5. Nf3 e6 6. cxd4 d6 7. Bc4 Nc6 8. O-O
Be7 9. Qe2 O-O 10. Nc3 Nxc3 11. bxc3 dxe5 12. dxe5 Qc7 13. Qe4 b6 14. Bd3 g6
15. Bh6 Rd8 16. Rad1 Bb7 17. Qf4 Rd5 18. Be4 Rxd1 19. Rxd1 Rd8 20. Rxd8+ Nxd8
21. Bxb7 Qxb7 22. Qd4 Nc6 23. Qe4 Qc7 24. h4 Qd7 25. h5 b5 26. hxg6 hxg6 27.
Be3 a5 28. Nd4 Nxd4 29. Qxd4 Qxd4 30. Bxd4 Kf8 31. Bb6 a4 32. Kf1 Ke8 33. Ke2
Kd7 34. Kd3 Kc6 35. Bd4 Kd5 36. f4 Bh4 37. Ke3 Kc4 38. Ke4 Be1 0-1

[Event "BRA-ch U18"]
[Site "Catanduva"]
[Date "2010.06.05"]
[Round "6"]
[White "Barbosa, Evandro Amorim"]
[Black "Schumyatsky, Victor"]
[Result "1/2-1/2"]
[WhiteElo "2382"]
[BlackElo "2332"]
[PlyCount "98"]
[EventDate "2010.06.03"]
[EventType "swiss"]
[EventRounds "7"]
[EventCountry "BRA"]
[SourceTitle "EXT 2011"]
[Source "ChessBase"]
[SourceDate "2010.11.26"]
[SourceVersion "1"]
[SourceVersionDate "2010.11.26"]
[SourceQuality "1"]

1. e4 c5 2. Nf3 Nf6 3. e5 Nd5 4. c3 Nc6 5. Bc4 Nb6 6. Bb3 c4 7. Bc2 d6 8. exd6
Qxd6 9. O-O Bg4 10. Re1 Ne5 11. Rxe5 Bxf3 12. Qe1 Bc6 13. b3 e6 14. Ba3 Qd7 15.
Bxf8 Rxf8 16. Na3 O-O-O 17. Rd1 cxb3 18. axb3 Kb8 19. d4 Nd5 20. f3 Qe7 21. Nc4
Qc7 22. Ra1 Bb5 23. Na3 Bd7 24. c4 Ne7 25. Be4 f5 26. Bc2 Nc6 27. Nb5 Qb6 28.
Bd3 Rde8 29. c5 Qd8 30. Nd6 Nxe5 31. dxe5 Qc7 32. b4 b6 33. Qc3 Rc8 34. Ba6
Rcd8 35. Rc1 Bc8 36. Bxc8 Rxc8 37. Qc4 bxc5 38. bxc5 Qc6 39. Qxe6 Rc7 40. Qc4
Ka8 41. Qd4 f4 42. h3 h5 43. Qc4 g5 44. Ne4 g4 45. fxg4 hxg4 46. hxg4 Re8 47.
Nd6 Rf8 48. Rc3 Rb7 49. Qe2 Rg8 1/2-1/2

[Event "BRA-ch U18"]
[Site "Catanduva"]
[Date "2010.06.06"]
[Round "7"]
[White "Barbosa, Evandro Amorim"]
[Black "Quintiliano Pinto, Renato Rodrigues"]
[Result "1-0"]
[WhiteElo "2382"]
[BlackElo "2183"]
[PlyCount "55"]
[EventDate "2010.06.03"]
[EventType "swiss"]
[EventRounds "7"]
[EventCountry "BRA"]
[SourceTitle "EXT 2011"]
[Source "ChessBase"]
[SourceDate "2010.11.26"]
[SourceVersion "1"]
[SourceVersionDate "2010.11.26"]
[SourceQuality "1"]

1. d4 Nf6 2. Nf3 e6 3. g3 b5 4. Bg2 Bb7 5. O-O Be7 6. c3 O-O 7. a4 bxa4 8. Rxa4
c5 9. Bg5 cxd4 10. cxd4 d6 11. Nbd2 Nbd7 12. Re1 Nb6 13. Ra1 Ne4 14. Bxe7 Qxe7
15. Nb3 Rfc8 16. Na5 Bd5 17. Nh4 Qg5 18. Qd3 f5 19. Bh1 Qf6 20. Ng2 Nc4 21.
Nxc4 Rxc4 22. Red1 Rb4 23. Ne3 Rxb2 24. Nxd5 exd5 25. f3 Ng5 26. h4 Ne6 27. f4
Nc7 28. Rdc1 1-0

[Event "Brasilia-ch sf2 50th"]
[Site "Brasilia"]
[Date "2010.06.19"]
[Round "1"]
[White "Wolff, Carlos Alberto"]
[Black "Barbosa, Edinardo Meireles"]
[Result "1-0"]
[WhiteElo "2018"]
[BlackElo "1878"]
[PlyCount "39"]
[EventDate "2010.06.19"]
[EventType "swiss"]
[EventRounds "7"]
[EventCountry "BRA"]
[SourceTitle "EXT 2012"]
[Source "ChessBase"]
[SourceDate "2011.11.24"]
[SourceVersion "1"]
[SourceVersionDate "2011.11.24"]
[SourceQuality "1"]

1. e4 e5 2. Nf3 Nc6 3. Bc4 Nf6 4. Ng5 d5 5. exd5 Nxd5 6. Nxf7 Kxf7 7. Qf3+ Ke6
8. Nc3 Ncb4 9. Qe4 c6 10. a3 Na6 11. d4 Nac7 12. Bf4 Ke7 13. Bg5+ Nf6 14. dxe5
Be6 15. exf6+ gxf6 16. Bf4 Nd5 17. O-O-O Qc8 18. Nxd5+ cxd5 19. Bxd5 Qd7 20.
Rhe1 1-0

[Event "Brasilia-ch sf2 50th"]
[Site "Brasilia"]
[Date "2010.06.26"]
[Round "3"]
[White "Barbalho, Gilsomar Silva"]
[Black "Barbosa, Edinardo Meireles"]
[Result "1-0"]
[WhiteElo "2027"]
[BlackElo "1878"]
[PlyCount "53"]
[EventDate "2010.06.19"]
[EventType "swiss"]
[EventRounds "7"]
[EventCountry "BRA"]
[SourceTitle "EXT 2012"]
[Source "ChessBase"]
[SourceDate "2011.11.24"]
[SourceVersion "1"]
[SourceVersionDate "2011.11.24"]
[SourceQuality "1"]

1. e4 e5 2. Nf3 Nc6 3. Bb5 Nf6 4. O-O a6 5. Ba4 b5 6. Bb3 Bc5 7. c3 O-O 8. d4
exd4 9. cxd4 Bb6 10. e5 Ne8 11. a4 Bb7 12. axb5 axb5 13. Rxa8 Qxa8 14. Qd3 Ne7
15. Ng5 Ng6 16. Qh3 h6 17. Nxf7 Bd5 18. Nxh6+ gxh6 19. Bxh6 Ng7 20. Qxd7 Ne7
21. Qxe7 Rf7 22. Qb4 Nf5 23. Be3 Nxe3 24. fxe3 Rxf1+ 25. Kxf1 Qf8+ 26. Qxf8+
Kxf8 27. Bxd5 1-0

[Event "Brasilia-ch sf2 50th"]
[Site "Brasilia"]
[Date "2010.06.26"]
[Round "4"]
[White "Barbosa, Edinardo Meireles"]
[Black "Domingos, Jonathan Meneses"]
[Result "1/2-1/2"]
[WhiteElo "1878"]
[BlackElo "2046"]
[PlyCount "35"]
[EventDate "2010.06.19"]
[EventType "swiss"]
[EventRounds "7"]
[EventCountry "BRA"]
[SourceTitle "EXT 2012"]
[Source "ChessBase"]
[SourceDate "2011.11.24"]
[SourceVersion "1"]
[SourceVersionDate "2011.11.24"]
[SourceQuality "1"]

1. c4 Nf6 2. Nc3 e5 3. Nf3 Nc6 4. d4 exd4 5. Nxd4 Bb4 6. g3 d5 7. Bg2 O-O 8.
O-O Bxc3 9. bxc3 Ne5 10. cxd5 Nxd5 11. Qb3 Nb6 12. Rd1 Qf6 13. Nb5 Be6 14. Qb4
Rfd8 15. Bf4 c6 16. Nc7 Rac8 17. Rxd8+ Rxd8 18. Nxe6 1/2-1/2

[Event "Brasilia-ch sf2 50th"]
[Site "Brasilia"]
[Date "2010.06.26"]
[Round "5"]
[White "Magalhaes, Sebastiao Silva Jr"]
[Black "Barbosa, Edinardo Meireles"]
[Result "0-1"]
[WhiteElo "1771"]
[BlackElo "1878"]
[PlyCount "60"]
[EventDate "2010.06.19"]
[EventType "swiss"]
[EventRounds "7"]
[EventCountry "BRA"]
[SourceTitle "EXT 2012"]
[Source "ChessBase"]
[SourceDate "2011.11.24"]
[SourceVersion "1"]
[SourceVersionDate "2011.11.24"]
[SourceQuality "1"]

1. e4 e5 2. Nf3 Nc6 3. Bb5 a6 4. Ba4 b5 5. Bb3 Nf6 6. O-O Be7 7. Re1 d6 8. h3
Be6 9. c3 O-O 10. d4 Bxb3 11. Qxb3 Na5 12. Qd1 c6 13. dxe5 dxe5 14. Qxd8 Rfxd8
15. Nxe5 Nxe4 16. b4 Bf6 17. Bf4 Bxe5 18. Bxe5 Nc4 19. Bd4 Re8 20. a4 f5 21.
Na3 Nxa3 22. Rxa3 Nd2 23. Rxe8+ Rxe8 24. g3 Nf3+ 25. Kg2 Ne1+ 26. Kf1 Nc2 27.
Ra2 Re1+ 28. Kg2 Re2 29. Kf1 Rd2 30. Kg1 Nxd4 0-1

[Event "Brasilia-ch sf2 50th"]
[Site "Brasilia"]
[Date "2010.06.27"]
[Round "6"]
[White "Nascimento, Davi da Silva"]
[Black "Barbosa, Edinardo Meireles"]
[Result "1-0"]
[WhiteElo "2173"]
[BlackElo "1878"]
[PlyCount "29"]
[EventDate "2010.06.19"]
[EventType "swiss"]
[EventRounds "7"]
[EventCountry "BRA"]
[SourceTitle "EXT 2012"]
[Source "ChessBase"]
[SourceDate "2011.11.24"]
[SourceVersion "1"]
[SourceVersionDate "2011.11.24"]
[SourceQuality "1"]

1. e4 e5 2. f4 Nc6 3. Nf3 d5 4. exd5 Qxd5 5. fxe5 Qe4+ 6. Be2 Nxe5 7. O-O Bc5+
8. Kh1 Nxf3 9. Bxf3 Qg6 10. Bh5 Qd6 11. Bxf7+ Kd8 12. d4 Bxd4 13. Bf4 Qd7 14.
c3 Bf6 15. Qb3 1-0

[Event "Merli Memorial op"]
[Site "Barrinha"]
[Date "2010.07.02"]
[Round "1"]
[White "De Paula, Luciano Alves"]
[Black "Barbosa, Evandro Amorim"]
[Result "0-1"]
[WhiteElo "1704"]
[BlackElo "2382"]
[PlyCount "36"]
[EventDate "2010.07.02"]
[EventType "swiss"]
[EventRounds "6"]
[EventCountry "BRA"]
[SourceTitle "EXT 2011"]
[Source "ChessBase"]
[SourceDate "2010.11.26"]
[SourceVersion "1"]
[SourceVersionDate "2010.11.26"]
[SourceQuality "1"]

1. d4 Nf6 2. c4 g6 3. Nc3 d5 4. cxd5 Nxd5 5. e4 Nxc3 6. bxc3 Bg7 7. Nf3 c5 8.
Rb1 O-O 9. Be2 Nc6 10. Be3 cxd4 11. cxd4 Qa5+ 12. Qd2 Qxd2+ 13. Kxd2 Rd8 14.
Kc3 Bg4 15. Rxb7 Rac8 16. Bc4 Bxf3 17. gxf3 Nxd4 18. Rhb1 Nc6+ 0-1

[Event "Merli Memorial op"]
[Site "Barrinha"]
[Date "2010.07.02"]
[Round "2"]
[White "Barbosa, Evandro Amorim"]
[Black "De Araujo, Luiz Fernando"]
[Result "1-0"]
[WhiteElo "2382"]
[BlackElo "1967"]
[PlyCount "68"]
[EventDate "2010.07.02"]
[EventType "swiss"]
[EventRounds "6"]
[EventCountry "BRA"]
[SourceTitle "EXT 2011"]
[Source "ChessBase"]
[SourceDate "2010.11.26"]
[SourceVersion "1"]
[SourceVersionDate "2010.11.26"]
[SourceQuality "1"]

1. e4 c6 2. d4 d5 3. e5 Bf5 4. Nf3 e6 5. Be2 Nd7 6. O-O h6 7. Nbd2 Ne7 8. Nb3
Ng6 9. Ne1 Ne7 10. Bd2 c5 11. Nf3 c4 12. Nc1 Nc6 13. c3 b5 14. Ne1 a5 15. Nc2
Nb6 16. Ne3 Bg6 17. f4 Be4 18. f5 Be7 19. fxe6 fxe6 20. Bh5+ Kd7 21. Bg4 Qg8
22. Bf3 Bxf3 23. Rxf3 Rf8 24. Rxf8 Qxf8 25. Ne2 Qf7 26. Qc2 Bh4 27. Rf1 Qe7 28.
Nf4 Rf8 29. Rf3 Qe8 30. Qh7 Bg5 31. Nf1 Rf7 32. Ng3 Ne7 33. Qb1 Qf8 34. Qf1 Na4
1-0